000 00469nmm a2200169Ia 4500
008 251105s9999||||xx |||||||||||||||||und||
020 _a9789681633301
041 _aspa
100 _aMartínez, José Luis
245 0 _aHernán Cortés
264 _a[México D.C., Mexico] :
_bFondo de Cultura Económica,
_c2015
300 _a1009 páginas
490 _aHistoria
650 _aBiography
856 _uhttps://public.digitaliapublishing.com/a/43750
942 _cCF
999 _c96783
_d96783